Flammability and sensitivity of materials in oxygen-enriched atmospheres. (Record no. 12674)

000 -LEADER
fixed length control field 00795nam a2200217Ii 4500
020 ## - INTERNATIONAL STANDARD BOOK NUMBER
ISBN 0803118554
040 ## - CATALOGING SOURCE
Transcribing agency DGW
082 ## - DEWEY DECIMAL CLASSIFICATION NUMBER
Classification number 628 AME 1993 A042 Or.
245 00 - TITLE STATEMENT
Title Flammability and sensitivity of materials in oxygen-enriched atmospheres.
300 ## - PHYSICAL DESCRIPTION
Number of Pages x, 406 pages :
Other physical details illustrations ;
Dimensions 24 cm
490 1# - SERIES STATEMENT
Series statement STP,
500 ## - GENERAL NOTE
General note "ASTM Publication Code Number (PCN) 04-011970-31."
500 ## - GENERAL NOTE
General note "Sixth International Symposium on Flammability and Sensitivity of Materials in Oxygen-Enriched Atmospheres ... presented at Noordwijk, The Netherlands, from 11 to 13 May 1993."--P. [iii]
650 #0 - SUBJECT ADDED ENTRY--TOPICAL TERM
Topical Term Materials
650 #0 - SUBJECT ADDED ENTRY--TOPICAL TERM
Topical Term Oxygen index of materials
650 #0 - SUBJECT ADDED ENTRY--TOPICAL TERM
Topical Term Flammable materials
650 #0 - SUBJECT ADDED ENTRY--TOPICAL TERM
Topical Term Fire-testing
700 1# - ADDED ENTRY--PERSONAL NAME
Personal name Janoff, Dwight D
700 1# - ADDED ENTRY--PERSONAL NAME
Personal name Stoltzfus, Joel M
942 ## - ADDED ENTRY ELEMENTS (KOHA)
Koha item type សៀវភៅភាសាអង់គ្លេស
952 ## - LOCATION AND ITEM INFORMATION (KOHA)
Withdrawn status [LOCAL, KOHA] 0
Holdings
Permanent Location Date acquired Koha item type Lost status Shelving location Barcode Current Location Full call number
Library Block A2017-08-16សៀវភៅភាសាអង់គ្លេស A042A17530Library Block A628 AME 1993 A042 Or.
មជ្ឈមណ្ឌលឯការនៃសាកលវិទ្យាល័យភូមិន្ទកសិកម្មចំការដូង

Powered by Koha